书目信息 |
| 题名: |
托福5000词汇突破新思路
|
|
| 作者: | 郅红 , 刘增强 , 姜旭 , 梁艳春 主编 | |
| 分册: | ||
| 出版信息: | 北京 中国纺织出版社有限公司 2019.12 |
|
| 页数: | 317页 | |
| 开本: | 26cm | |
| 丛书名: | ||
| 单 册: | ||
| 中图分类: | H313.1 | |
| 科图分类: | ||
| 主题词: | 英语--ying yu--词汇--水平考试--自学参考资料 | |
| 电子资源: | ||
| ISBN: | 978-7-5180-7002-2 | |
| 000 | 00987nam0 2200289 450 | |
| 001 | 0100015506 | |
| 005 | 20201009150355.0 | |
| 010 | @a978-7-5180-7002-2@dCNY58.00 | |
| 100 | @a20200421d2019 em y0chiy50 ea | |
| 101 | 0 | @achi@aeng |
| 102 | @aCN@b110000 | |
| 105 | @ay a 000yy | |
| 106 | @ar | |
| 200 | 1 | @a托福5000词汇突破新思路@Atuo fu 5000 ci hui tu po xin si lu@f主编郅红 ... [等] |
| 210 | @a北京@c中国纺织出版社有限公司@d2019.12 | |
| 215 | @a317页@d26cm | |
| 304 | @a题名页题其余责任者: 刘增强, 姜旭, 梁艳春 | |
| 320 | @a有书目 | |
| 330 | @a本书共收录约5000个核心词汇。包括: 精选词汇精炼、猜词技巧、精选词汇汇总、英语词缀汇总、答案及答案解析五部分。 | |
| 606 | 0 | @a英语@Aying yu@x词汇@x水平考试@j自学参考资料 |
| 690 | @aH313.1@v5 | |
| 701 | 0 | @a郅红@Azhi hong@4主编 |
| 701 | 0 | @a刘增强@Aliu zeng qiang@4主编 |
| 701 | 0 | @a姜旭@Ajiang xu@4主编 |
| 701 | 0 | @a梁艳春@Aliang yan chun@4主编 |
| 801 | 0 | @aCN@c20201009 |
| 905 | @a河南城建学院图书馆@dH313.1@eZ485@f3 | |
| 托福5000词汇突破新思路/主编郅红 ... [等].-北京:中国纺织出版社有限公司,2019.12 |
| 317页;26cm |
| ISBN 978-7-5180-7002-2:CNY58.00 |
| 本书共收录约5000个核心词汇。包括: 精选词汇精炼、猜词技巧、精选词汇汇总、英语词缀汇总、答案及答案解析五部分。 |
| ● |
| 相关链接 |
|
|
|
正题名:托福5000词汇突破新思路
索取号:H313.1/Z485
 
预约/预借
| 序号 | 登录号 | 条形码 | 馆藏地/架位号 | 状态 | 备注 |
| 1 | 1494439 | 214944391 | 语言库209/209语言库 33排6列5层/ [索取号:H313.1/Z485] | 在馆 | |
| 2 | 1494440 | 214944408 | 语言库209/209语言库 33排6列5层/ [索取号:H313.1/Z485] | 在馆 | |
| 3 | 1494441 | 214944417 | 语言库209/209语言库 33排6列5层/ [索取号:H313.1/Z485] | 在馆 |